Kadra Niemiec Na Euro 2020 - Statystyki

Ogólne statystyki
  • Ten quiz został rozwiązany 186 razy
  • Średni wynik to 15 z 26
Statystyki odpowiedzi
Hint Odpowiedź % Poprawnych
Bramkarz Neuer
98%
Napastnik Muller
93%
Obrońca Hummels
88%
Pomocnik Kimmich
88%
Napastnik Werner
85%
Napastnik Havertz
79%
Pomocnik Gnabry
78%
Pomocnik Goretzka
74%
Pomocnik Sane
74%
Obrońca Rudiger
71%
Pomocnik Kroos
70%
Obrońca Sule
64%
Bramkarz Leno
59%
Bramkarz Trapp
59%
Pomocnik Gundogan
55%
Obrońca Gosens
52%
Pomocnik Musiala
50%
Obrońca Can
40%
Obrońca Ginter
39%
Napastnik Volland
30%
Obrońca Klostermann
27%
Obrońca Halstenberg
25%
Pomocnik Neuhaus
23%
Obrońca Gunter
19%
Obrońca Koch
17%
Pomocnik Hofmann
15%
Nie znaleziono quizów pasujących do podanych kryteriów
Rozkład punktacji
Procent ludzi z każdym wynikiem
Percentyl według liczby udzielonych odpowiedzi
Twoja historia wyników
Nie rozwiązałeś tego quizu